|
|
|
|
| LEADER |
01285nam a22002537a 4500 |
| 001 |
37556 |
| 003 |
BD-DhAAL |
| 005 |
20250622113537.0 |
| 008 |
211111t2017 bg ||||| |||| 00| 0 ben d |
| 020 |
|
|
|a 984839103218
|
| 040 |
|
|
|a BD-DhAAL
|d BD-DhAAL
|
| 041 |
|
|
|a ben
|
| 082 |
|
|
|a 954.14
|
| 100 |
|
|
|a করিম, আবদুল.
|9 42589
|
| 245 |
|
|
|a বাংলার ইতিহাস :
|b মোগল আমল,
|n দ্বিতীয় খন্ড /
|c আবদুল করিম.
|
| 246 |
|
|
|a History of Bangla :
|b mughal period, volume 2
|
| 260 |
|
|
|a ঢাকা :
|b জাতীয় সাহিত্য প্রকাশনী,
|c ২০১৭.
|
| 300 |
|
|
|a ৫০১ পৃষ্ঠা ;
|c ২২ সে.মি.
|
| 526 |
|
|
|a Research p[project title " Shalish : A traditional dispute settlement mechanism within the formal legal framework" (SOL)
project duration January to June 2021
|
| 541 |
|
|
|a Complimentary copy from "Shalish" (SOL)
|e 37556
|
| 650 |
|
|
|a Bengal (India)
|x History.
|9 42590
|
| 942 |
|
|
|2 ddc
|c BK
|
| 999 |
|
|
|c 43321
|d 43321
|
| 952 |
|
|
|0 0
|1 0
|2 ddc
|4 0
|6 954_140000000000000_KAR
|7 0
|9 69490
|a BRACUL
|b BRACUL
|c GEN
|d 2021-11-11
|e Complimentary copy from "Shalish" (SOL)
|g 400.00
|l 4
|m 73
|o 954.14 KAR
|p 3010037556
|q 2026-05-21
|r 2025-09-30
|s 2025-09-30
|t 1
|v 400.00
|w 2021-11-11
|y BK
|